• 首页
  • 本馆介绍
  • 公告通知
  • 最新文献
  • 馆藏检索
  • 电子资源
  • 读者导购
  • 参考咨询
  • 我的图书馆
  • 登录
  • 详细信息显示
  • 放入我的书架
  • 预约/预借图书
  • 作者相关作品
  • 分类相关作品
  • 丛书相关作品
  • 出版社相关作品

书目信息

  • 表格格式
  • 工作单格式
  • 卡片格式
题名:
《说文》小篆研究
    
 
作者: 赵平安 著
分册:  
出版信息: 南宁   广西教育出版社  1999.08
页数: 193页
开本: 32开
丛书名: 汉字研究新视野丛书
单 册:
中图分类: H161
科图分类:
主题词: 汉语--词典学
电子资源:
ISBN: 7-5435-2749-9
000 00718nam0 2200241 45
001 0109240952
005 20031219104057.8
010    @a7-5435-2749-9@b精装@dCNY20.00
100    @a20010924d1999 km y0chiy0120 ea
101 0  @achi
105    @a z 000yy
200 1  @a《说文》小篆研究@A《Shuo Wen》Xiao Zhuan Yan Jiu@f赵平安著@FZhao Ping An Zhu
210    @a南宁@c广西教育出版社@d1999.08
215    @a193页@d32开
225    @a汉字研究新视野丛书@f臧克和主编
410    @12001 @a汉字研究新视野丛书
410    @1700 0@a臧克和@AZang Ke He@4主编
605    @a说文解字@x研究
606 0  @a汉语@x词典学
690    @aH161@v4
701    @a赵平安@4著
801    @aCN@bTSTC@c20010924
905    @b314783-787@dH161@e125@f5
    
    《说文》小篆研究/赵平安著.-南宁:广西教育出版社,1999.08
    193页;32开.-(汉字研究新视野丛书/臧克和主编)
    
    
    ISBN 7-5435-2749-9(精装):CNY20.00
    
●
相关链接 在E读中查询图书 在五车中查询图书 在当当中查询图书 在豆瓣中查询图书


正题名:《说文》小篆研究     索取号:H161/125         预约/预借

序号 登录号 条形码 馆藏地/架位号 状态 备注
1 0314783   203147834   第四借阅区/ [索取号:H161/125] 在馆    
2 0314784   203147843   第四借阅区/ [索取号:H161/125] 在馆    
3 0314785   203147852   第四借阅区/ [索取号:H161/125] 在馆    
4 0314786   203147861   第四借阅区/ [索取号:H161/125] 在馆    
5 0314787   203147870   第二样本阅览室/ [索取号:H161/125] 在馆    
唐山师范学院图书馆 欢迎您!
大连网信软件有限公司© 版权所有